عرض عادي عرض مارك
  • القصص التاريخية العربية

مدخل مصطلح موضوعي

عدد التسجيلات المستخدمة في: 4

001 - رقم الضبط

  • حقل الضبط: 6211

003 - معرف رقم الضبط

  • حقل الضبط: OSt

005 - تاريخ ووقت أخر عملية

  • حقل الضبط: 20111102203150.0

008 - عناصر بيانات ثابتة الطول

  • حقل تحكم ثابت الطول: 111102|||a|||||| | ||| d

040 ## - مصدر الفهرسة

  • هيئة الفهرسة الأصلية: OSt
  • وكالة الكتابة: OSt

150 ## - مدخل-- مصطلح تاريخي

  • عنصر مدخل المصطلح الموضوعي او الاسم الجغرافي: القصص التاريخية العربية

670 ## - بيانات المصدر موجوده

  • الاستشهاد بالمصدر: Work cat.: (OSt): جاد المولى، محمد أحمد 6210, قصص العرب /, 2003